Statistics for Word Ladder: Knick - Net

Click here to take the quiz!

General Stats

  • This quiz has been taken 15 times
  • The average score is 13 of 14

Answer Stats

HintAnswer% Correct
Tour de France vehicleBike
100%
Unplurual of #1 [SUBTRACT LETTER]Knick
100%
Boxer, ___ TysonMike
100%
Feeling illSick
100%
Drink made by cowsMilk
93%
Brooklyn ___Nets
93%
Jonas Brother [SUBTRACT LETTER]Nick
93%
Clothing materialSilk
93%
GamblingBets
86%
To eat somethingBite
86%
5,280 feetMile
86%
Unit of dataBits
79%
New York ____Knicks
79%
To wash your handsSink
79%

Score Distribution

Percentile by Number Answered

Percent of People with Each Score

Your Score History

You have not taken this quiz